[Event "Pan American-ch School U17 Girls 12th"]
[Site "Callao"]
[Date "2023.10.17"]
[Round "3"]
[White "Delgado Suarez, Triana Valentina"]
[Black "Orihuela Barreda, Alondra"]
[Result "1-0"]
[WhiteElo "1174"]
[BlackElo "1440"]
[PlyCount "85"]
[EventDate "2023.10.16"]
[EventType "swiss"]
[EventRounds "9"]
[EventCountry "PER"]
[SourceTitle "Mega2024 Update 01"]
[Source "Chessbase"]
[SourceDate "2023.11.12"]
[SourceVersion "1"]
[SourceVersionDate "2023.11.12"]
[SourceQuality "1"]

1. e4 g6 2. g3 c6 3. d4 d5 4. exd5 cxd5 5. Bg2 Nc6 6. Nf3 Bg7 7. c3 Nf6 8. Nbd2 0-0 9. 0-0 Re8 10. Re1 Bg4 11. h3 Bxf3 12. Nxf3 Ne4 13. Ng5 Nf6 14. f4 e6 15. Nf3 Ne4 16. g4 Rc8 17. Ne5 Nd6 18. Qe2 Na5 19. g5 Nf5 20. Bf3 Nc4 21. Nxc4 Rxc4 22. Qh2 Qa5 23. Bd2 Qb6 24. Kh1 Rc7 25. Bxd5 Qxb2 26. Rab1 Qa3 27. Bb3 Rec8 28. Bc1 Qa6 29. Bb2 Qc6+ 30. Qg2 Qxg2+ 31. Kxg2 b5 32. a3 a5 33. Rbd1 a4 34. Ba2 Nxd4 35. Bb1 Nb3 36. Bd3 Rb8 37. Bxb5 Rxb5 38. Rd8+ Bf8 39. c4 Rbb7 40. Red1 Nc5 41. Rxf8+ Kxf8 42. Rd8+ Ke7 43. Bf6# 1-0